Statistics for Countries with Kings

Click here to take the quiz!

General Stats

  • This quiz has been taken 193 times
  • The average score is 10 of 14

Answer Stats

HintAnswer% Correct
Felipe VISpain
96%
Carl XVI GustafSweden
91%
AbdullahSaudi Arabia
90%
Harald VNorway
88%
Willem-AlexanderNetherlands
81%
Abdullah IIJordan
78%
PhilippeBelgium
74%
Mohammed VIMorocco
63%
Hamad bin Isa al-KhalifaBahrain
52%
Jigme Khesar Namgyal WangchukBhutan
52%
Letsie IIILesotho
50%
Mswati IIISwaziland
50%
Norodom SihamoniCambodia
49%
Tupou VITonga
42%

Score Distribution

Percentile by Number Answered

Percent of People with Each Score

Your Score History

You have not taken this quiz